1337 1057 1618 1268 1135 1253 1731 1952 1855 1034 1996 1251 1329 1547 1572 1070 1217 1623 1218 1219 1232 1807 1290 1695 1245 1382 1098 1607 1963 1913 1261 1444 1111 1313 1959 1683 1006 1153 1248 1442 1578 1735 1458 1102 1496 1955 1999 1235 1466 1440 1081 1614 1612 1384 1616 1353 1650 1870 1431 1528 1988 1684 1882 1096 1467 1772 1659 1636 1153 1131 1847 1963 1573 1605 1804 1931 1616 1778 1532 1846 1411 1547 1001 1341 1203 1924 1957 1547 1717 1534 1284 1312 1079 1398 1964 1611 1861 1445 1341 BCNSPRNW ULIB Ver.6.0+V

เปลี่ยนเป็นภาษาไทย

Change to English
 แสดงรายละเอียดบรรณานุกรม
  กลับหน้าหลัก

Brief Record : Get Marc (ISO 2709) : E-mail record : QR code < ปิดหน้าต่าง
LEADER : 00000nam 2200000uu 4500
001    13399112223
003     ULIB
008    110420s2552||||th 000 0 tha d
020    9742350581
050  4 HD69^bส234ก 2552
100 0  สมคิด พรมจุ้ย
245 10 การเขียนรายงานการประเมินโครงการ/^cสมคิด พรมจุ้ย
250    พิมพ์ครั้งที่ 1
260    กรุงเทพฯ :^bจตุพร ดีไซน์,^c2552
300    300 หน้า
650  7 การประเมินโครงการ
650  7 การเขียนรายงาน
945    ^p200^l0^i027200
945    ^p200^l0^i027201
995    ทศพร
999 ^a ใช้งานได้ทุกระบบ
รายการนี้ยังไม่มีแท็ก
คุณยังไม่ได้ล็อกอิน คุณสามารถมีกิจกรรมร่วมกับเว็บไซต์ได้ แต่ต้องล็อกอินก่อน ::
  ล็อกอิน

รายการสื่อสารสนเทศ

ลำดับที่ ประเภท เลขเรียก/บาร์โค้ด สถานที่ สถานะ
1. การศึกษาทั่วไป
การศึกษาทั่วไป
HD69 ส234ก 2552 ฉ.2 
  Barcode: 027201
ห้องสมุดวิทยาเขตนครสวรรค์
►หนังสือทั่วไป:l:General Books
บนชั้น

รายการใกล้เคียง
    ผู้แต่ง [สมคิด พรมจุ้ย]

    หัวเรื่อง [การประเมินโครงการ]
    หัวเรื่อง [การเขียนรายงาน]

BibComment


ยังไม่เคยถูกคอมเมนท์

คอมเมนท์ทรัพยากรรายการนี้
  คอมเมนท์: การเขียนรายงานการ..


 Copyright 2026. Bcnsprnw @Library